Music Quiz

Random Music or Lyrics Quiz

Mrs. Robinson Clicky-oke Quiz Stats

 Plays Quiz Updated Sep 22, 2019

Score 0/25 Timer 03:00
0 Plays Today
% Correct
Jesus loves you more than you will know
95.6%
those who pray
95.2%
those who pray
94.9%
those who pray
93.4%
Jesus loves you more than you will know
93.1%
Jesus loves you more than you will know
92.4%
little bit
90.9%
Sunday afternoon
90.1%
no one ever goes
90%
with your cupcakes
89.8%
from the kids
89.4%
are sympathetic eyes
88.9%
candidates' debate
87.7%
% Correct
feel at home
86.4%
gone, Joe DiMaggio?
85.7%
lonely eyes to you
85.6%
our files
85.1%
Mrs. Robinson?
83.9%
left and gone away
83.6%
shout about it
83%
you lose
82.5%
help yourself
82%
...hey, hey, hey!
80.9%
Robinsons' affair
79.4%
to choose
79.1%

You're not logged in!

Compare scores with friends on all Sporcle quizzes.
OR
Log In

Sporcle TV

Today on Sporcle TV


Watch our educational content, quiz creation guides, and fun videos on Sporcle TV.

Show Comments

Extras

Top Quizzes Today


Score Distribution

Your Account Isn't Verified!

In order to create a playlist on Sporcle, you need to verify the email address you used during registration. Go to your Sporcle Settings to finish the process.

Report this User

Report this user for behavior that violates our Community Guidelines.

Details: